Formula 1 2026 Drivers - Statistics

General Stats
  • This quiz has been taken 46 times
  • The average score is 20 of 22
Answer Stats
Team Driver % Correct
Ferrari Charles Leclerc
97%
Mercedes Kimi Antonelli
97%
McLaren Lando Norris
97%
Ferrari Lewis Hamilton
97%
Red Bull Max Verstappen
97%
McLaren Oscar Piastri
97%
Aston Martin Fernando Alonso
94%
Mercedes George Russell
94%
Cadillac Valtteri Bottas
94%
Haas Esteban Ocon
91%
Red Bull Isack Hadjar
91%
Audi Nico Hulkenberg
91%
Alpine Franco Colapinto
89%
Aston Martin Lance Stroll
89%
Haas Oliver Bearman
89%
Alpine Pierre Gasly
89%
Cadillac Sergio Perez
89%
Racing Bulls Liam Lawson
86%
Williams Alex Albon
83%
Williams Carlos Sainz
83%
Audi Gabriel Bortoleto
83%
Racing Bulls Arvid Lindblad
69%
No matching quizzes found
Score Distribution
Percent of People with Each Score
Percentile by Number Answered
Your Score History
You have not taken this quiz